Loading...
| Fine Arts - Visual | 0 | 3 | 0 | 1 | 30 | 84 | 112.67 | 0 | 1 | 4.77 | 13.31 |
| Fine Arts - Other | 0 | 2 | 0 | 1 | 20 | 113 | 123.50 | 0 | 0 | 2.24 | 2.73 |
| Literature - British | 0 | 2 | 1 | 0 | 15 | 97 | 102.50 | 0 | 1 | 4.12 | 11.62 |
| History - Other | 0 | 1 | 0 | 1 | 10 | 110 | 110.00 | 0 | 0 | 0.00 | 0.83 |
| Fine Arts - Classical Music | 0 | 1 | 0 | 0 | 10 | 77 | 77.00 | 0 | 0 | 3.26 | 2.73 |
| History - American | 0 | 1 | 0 | 0 | 10 | 68 | 68.00 | 0 | 1 | 4.15 | 8.08 |
| History - European | 0 | 1 | 0 | 0 | 10 | 56 | 56.00 | 0 | 1 | 4.70 | 8.26 |
| Other Academic | 0 | 1 | 0 | 1 | 10 | 129 | 129.00 | 0 | 0 | 0.00 | 5.00 |
| Philosophy | 0 | 1 | 0 | 0 | 10 | 102 | 102.00 | 0 | 1 | 1.43 | 6.06 |
| Pop Culture | 0 | 1 | 0 | 0 | 10 | 67 | 67.00 | 0 | 0 | 16.41 | 8.33 |
| Literature - World/Other | 0 | 1 | 0 | 0 | 10 | 123 | 123.00 | 0 | 0 | 1.27 | 4.55 |
| Geography/Current Events | 0 | 1 | 1 | 0 | 5 | 98 | 98.00 | 0 | 0 | 3.06 | 7.58 |
| Social Science | 0 | 0 | 1 | 0 | -5 | 0.00 | 0 | 0 | 0.00 | 0.00 | |
| Mythology | 0 | 0 | 1 | 0 | -5 | 0.00 | 0 | 0 | 0.00 | 0.00 |